000 01138nam a2200217Ia 4500
999 _c38020
_d38020
001 4005
003 GE_BSU
005 20190827141830.0
008 181216s1955||||ge |||||||||||||| ||geo||
040 _cGE_BSU
041 _ageo
080 _a34(479.22) ვ–27
100 _aვახტანგ VI
_93803
245 _aსამართლის წიგნი /
_cტექსტი გამოსაც. დაამზადა, გამოკვლევა და ტერმინთა საძიებელი დაურთო თინა ენუქიძემ ; საქ. სსრ მეცნ. აკად., ს. ჯანაშიას სახ. სახელმწ. მუზეუმი.
264 _aთბ. :
_bსაქ. სსრ მეცნ. აკად. გამ-ბა,
_c1955.
300 _a151 გვ. ;
_b22 სმ.
504 _a ბიბლიოგრ. შენიშვნებში.
653 _aქართული სამართლის ძეგლები
700 _aენუქიძე, თ.
_eშემდგენელი
_93804
942 _cBK
_2udc